50 mejores Series de la Historia - Estadísticas

Estadísticas generales
  • Esta prueba ha sido intentada 554 veces
  • La puntuación promedio es 20 de 57
Estadísticas de respuestas
Imagen Hint Respuesta % Correcto
N°1- Nota 9.28 - (Año 2007) Breaking Bad
95%
N°19- Nota 8.68- (Año 2001) Games of Thrones
87%
N°41- Nota 8.41- (Año 2016) Stranger Things
85%
N°46- Nota 8.23- (Año 1994) Friends
84%
N°50- Nota 8.16- (Año 2013) Vikings
84%
N°28- Nota 8.63- (Año 2013) Peaky Blinders
83%
N°49- Nota 8.18- (Año 2005) The Office
78%
N°37- Nota 8.46- (Año 2004) House
75%
N°6- Nota 9.01- (Año 2019) Chernobyl
66%
N°45- Nota 8.28- (Año 2016) The Crown
65%
N°35- Nota 8.50- (Año 2004) Lost
64%
N°39- Nota 8.45- (Año 2010) Sherlock
63%
N°46- Nota 8.23- (Año 2023) The Last of Us
63%
N°50- Nota 8.16- (Año 2011) Black Mirror
60%
N°50- Nota 8.16- (Año 2020) Ted Lasso
60%
N°50- Nota 8.16- (Año 2019) The Mandalorian
60%
N°34- Nota 8.51- (Año 2017) Dark
57%
N°42- Nota 8.40- (Año 2014) The Haunting Of Hill House
57%
N°50- Nota 8.16- (Año 2011) Suits
54%
N°7- Nota 8.98- (Año 2015) Better Call Saul
53%
N°15- Nota 8.73- (Año 2022) The Bear
53%
N°12- Nota 8.83- (Año 2007) Mad Men
52%
N°50- Nota 8.16- (Año 2019) The Boys
49%
N°3- Nota 9.16 - (Año 1999) The Sopranos
41%
N°19- Nota 8.68- (Año 2022) Heartstopper
38%
N°33- Nota 8.53- (Año 2015) Mr Robot
34%
N°31- Nota 8.58- (Año 2015) Narcos
34%
N°27- Nota 8.65- (Año 2018) Succession
31%
N°46- Nota 8.23- (Año 2008) Sons of Anarchy
26%
N°4- Nota 9.10 - (Año 2001) Band of Brothers
25%
N°10- Nota 8.88- (Año 2016) Fleabag
23%
N°2- Nota 9.20 - (Año 2002) The Wire
22%
N°37- Nota 8.46- (Año 2013) Hannibal
20%
N°31- Nota 8.58- (Año 1989) Seinfeld
16%
N°19- Nota 8.68- (Año 2017) Mindhunter
14%
N°23- Nota 8.66- (Año 2022) Severance
13%
N°50- Nota 8.16- (Año 2016) This is Us
13%
N°35- Nota 8.50- (Año 1990) Twin Peaks
11%
N°23- Nota 8.66- (Año 2014) Fargo
9%
N°30- Nota 8.60- (Año 2021) Mare of Easttown
7%
N°44- Nota 8.31- (Año 2001) Six Feet Under
7%
N°28- Nota 8.63- (Año 2019) When They See Us
7%
N°8- Nota 8.96- (Año 1999) Freaks and Geeks
6%
N°9- Nota 8.90- (Año 2004) Battlestar Galactica
5%
N°40- Nota 8.43- (Año 2005) It's Always Sunny in Philadelphia
5%
N°50- Nota 8.16- (Año 1999) The West Wing
5%
N°19- Nota 8.68- (Año 2010) Boardwalk Empire
4%
N°5- Nota 9.06 - (Año 1959) The Twilight Zone
4%
N°23- Nota 8.66- (Año 2016) Atlanta
3%
N°17- Nota 8.70- (Año 2017) The Americans
3%
N°13- Nota 8.80- (Año 2004) Deadwood
2%
N°43- Nota 8.35- (Año 2014) Halt and Catch Fire
2%
N°11- Nota 8.85- (Año 2002) The Shield
2%
N°15- Nota 8.73- (Año 2014) Happy Valley
1%
N°17- Nota 8.70- (Año 2010) Justified
1%
N°23- Nota 8.66- (Año 2012) Line of Duty
1%
N°14- Nota 8.78- (Año 2003) Peep Show
1%
No se encontraron pruebas coincidentes
Distribución de puntuación
Porcentaje de gente con cada puntuación
Porcentaje por número respondido
Historial de tus puntuaciones
No has intentado esta prueba.